000 00359nam a22001577a 4500
003 MACL
005 20151121155601.0
008 151121b xxu||||| |||| 00| 0 eng d
040 _cMACL
041 _aEnglish
082 _a823/RAM
100 _a Dr.Ramanujachary,N.C.
_917816
245 _aThe Imperative
650 _aFictions
_917818
942 _2ddc
_cBK
999 _c50868
_d50868